00425nam a2200157Ia 4500003000900000008004100009020001800050040001600068080001500084100002000099245007400119250001200193260003600205300001400241650001200255IN-BaIIA211028s9999 xx 000 0 eng d a3-11-017072-8 cIIA Library a528.2bTOR aTorge, Wolfgang 0aGeodesycWolfgang Torge  a3rd ed. aBerlinbWalter De Gruyterc2001 axv, 416p. aGeodesy